[Event "GER-ch 2013-B-V1 serv"]
[Site "GER email"]
[Date "2013.??.??"]
[Round "?"]
[White "Faerber, Hans Willi"]
[Black "Gerold, Guenter"]
[Result "1-0"]
[WhiteElo "1866"]
[BlackElo "1911"]
[PlyCount "85"]
[EventDate "2013.05.01"]
[EventType "tourn (corr)"]
[EventRounds "6"]
[EventCountry "GER"]
[SourceTitle "Corr 2015"]
[Source "ChessBase"]
[SourceDate "2015.07.17"]
[SourceVersion "1"]
[SourceVersionDate "2015.07.17"]
[SourceQuality "1"]

1. c4 c5 2. Nf3 Nf6 3. Nc3 e6 4. g3 Nc6 5. Bg2 Qb6 6. 0-0 Be7 7. Na4 Qa5 8. d3 0-0 9. Bd2 Qc7 10. a3 Rb8 11. Nc3 a6 12. Bf4 d6 13. b4 cxb4 14. axb4 Nxb4 15. Qb3 Nc6 16. Rfb1 b6 17. Bd2 Nd7 18. Be3 f5 19. Qa2 Bf6 20. d4 Bb7 21. Rc1 Nd8 22. Ng5 Ra8 23. d5 e5 24. Ne6 Nxe6 25. dxe6 Bxg2 26. Kxg2 f4 27. exd7 Qb7+ 28. f3 fxe3 29. c5+ Kh8 30. cxb6 Qxb6 31. Nd5 Qd8 32. Rc7 e4 33. Rf1 Rf7 34. Qa4 Qg8 35. Qxe4 Rd8 36. Qg4 Be5 37. Nb4 d5 38. Rb7 Bf6 39. Nxd5 Rff8 40. Rd1 a5 41. Rd3 Qf7 42. Nf4 Kg8 43. Ne6 1-0

[Event "GER-ch 2013-E-V1 serv"]
[Site "GER email"]
[Date "2013.??.??"]
[Round "?"]
[White "Faerber, Hans Willi"]
[Black "Grehling, Martin"]
[Result "0-1"]
[WhiteElo "1867"]
[BlackElo "1549"]
[PlyCount "50"]
[EventDate "2013.11.15"]
[EventType "tourn (corr)"]
[EventRounds "6"]
[EventCountry "GER"]
[SourceTitle "Corr 2015"]
[Source "ChessBase"]
[SourceDate "2015.07.17"]
[SourceVersion "1"]
[SourceVersionDate "2015.07.17"]
[SourceQuality "1"]

1. b3 e5 2. Bb2 Nc6 3. e3 d5 4. Bb5 Bd6 5. f4 f6 6. fxe5 fxe5 7. Nf3 Qe7 8. Bxc6+ bxc6 9. Nxe5 Qh4+ 10. g3 Qh3 11. Qe2 Nf6 12. Qf1 Qh5 13. Qf3 Ng4 14. Nd3 Rf8 15. Nf4 Qf7 16. h4 Bf5 17. Nc3 Ne5 18. Qg2 Bxc2 19. 0-0 Bf5 20. e4 dxe4 21. Nxe4 0-0-0 22. Nxd6+ cxd6 23. d4 Nd3 24. Nxd3 Bxd3 25. Rxf7 Rxf7 0-1

[Event "GER-ch 2013-C-V1 serv"]
[Site "GER email"]
[Date "2013.??.??"]
[Round "?"]
[White "Faerber, Hans Willi"]
[Black "Richter, Wolfgang"]
[Result "0-1"]
[WhiteElo "1867"]
[BlackElo "2186"]
[PlyCount "92"]
[EventDate "2013.06.20"]
[EventType "tourn (corr)"]
[EventRounds "6"]
[EventCountry "GER"]
[SourceTitle "Corr 2015"]
[Source "ChessBase"]
[SourceDate "2015.07.17"]
[SourceVersion "1"]
[SourceVersionDate "2015.07.17"]
[SourceQuality "1"]

1. f4 d5 2. Nf3 Bg4 3. e3 e6 4. Be2 Bxf3 5. Bxf3 c6 6. d4 Qh4+ 7. g3 Qd8 8. 0-0 f5 9. c4 Nf6 10. Nc3 Qd7 11. c5 Be7 12. Bd2 0-0 13. Rb1 Qc8 14. b4 Nbd7 15. Qb3 Rb8 16. Be2 b6 17. Qc2 a5 18. bxa5 bxc5 19. Na4 c4 20. Rxb8 Qxb8 21. Rb1 Qa7 22. Nb6 Ne4 23. Nxd7 Qxd7 24. Be1 Ra8 25. Qa4 Bd8 26. Kg2 h6 27. Bf3 Nd6 28. h3 Nb5 29. g4 g5 30. a6 gxf4 31. exf4 Bc7 32. Qd1 Rxa6 33. a4 Nd6 34. Bd2 Qg7 35. Be3 fxg4 36. hxg4 Nf5 37. Qe2 Rxa4 38. Bf2 Qg6 39. Re1 Ng7 40. Be3 Ra3 41. Kf2 h5 42. Rg1 Qf6 43. gxh5 Kh7 44. Bc1 Rb3 45. Kg3 Nf5+ 46. Kg2 Qh4 0-1

[Event "GER T171-D00-P email"]
[Site "GER email"]
[Date "2013.??.??"]
[Round "?"]
[White "Fritsche, Frank"]
[Black "Faerber, Hans Willi"]
[Result "1-0"]
[WhiteElo "2161"]
[BlackElo "1866"]
[PlyCount "97"]
[EventDate "2013.??.??"]
[EventType "tourn (corr)"]
[EventRounds "8"]
[EventCountry "GER"]
[SourceTitle "Corr 2015"]
[Source "ChessBase"]
[SourceDate "2015.07.17"]
[SourceVersion "1"]
[SourceVersionDate "2015.07.17"]
[SourceQuality "1"]

1. d4 d5 2. e4 dxe4 3. Nc3 Nf6 4. f3 exf3 5. Nxf3 g6 6. Bf4 Bg7 7. Qd2 0-0 8. 0-0-0 c6 9. Bh6 Bg4 10. Be2 Nbd7 11. h3 Bxf3 12. Bxf3 Qa5 13. Kb1 Bxh6 14. Qxh6 Nb6 15. h4 Nc4 16. Ne4 Qb4 17. b3 Na3+ 18. Kb2 Nd5 19. Rd3 f6 20. Bg4 Nc7 21. c3 Qa5 22. Rf1 Rf7 23. h5 g5 24. Rg3 Qa6 25. Rf2 c5 26. Bf5 Kh8 27. Bg6 Rg7 28. Nxg5 fxg5 29. Rgf3 Qe6 30. Rf8+ Qg8 31. Rxg8+ Raxg8 32. dxc5 Nab5 33. a4 Nxc3 34. Kxc3 Nd5+ 35. Kd4 Nf6 36. Rxf6 exf6 37. Bxh7 Rd7+ 38. Kc4 Rxh7 39. Qxf6+ Rhg7 40. h6 Kh7 41. hxg7 Rxg7 42. Qxg7+ Kxg7 43. Kd5 g4 44. Kd6 Kf6 45. a5 Kf5 46. Kc7 Kf4 47. Kxb7 Kg3 48. c6 Kxg2 49. c7 1-0

[Event "GER-ch 2012-E-V2 post"]
[Site "GER email"]
[Date "2012.??.??"]
[Round "?"]
[White "Faerber, Hans Willi"]
[Black "Gierth, Karlheinz"]
[Result "0-1"]
[WhiteElo "1866"]
[BlackElo "2063"]
[PlyCount "158"]
[EventDate "2012.10.08"]
[EventType "tourn (corr)"]
[EventRounds "6"]
[EventCountry "GER"]
[SourceTitle "Corr 2015"]
[Source "ChessBase"]
[SourceDate "2015.07.17"]
[SourceVersion "1"]
[SourceVersionDate "2015.07.17"]
[SourceQuality "1"]
[BlackTeam "Zugzwang Bocholt 3 "]

1. e4 c6 2. d4 d5 3. Nc3 dxe4 4. Nxe4 Bf5 5. Ng3 Bg6 6. h4 h6 7. Nf3 Nd7 8. h5 Bh7 9. Bd3 Bxd3 10. Qxd3 e6 11. Bd2 Ngf6 12. 0-0-0 Be7 13. Qe2 0-0 14. Ne5 c5 15. dxc5 Nxc5 16. Kb1 Qc7 17. Bc3 Rfd8 18. Bd4 b5 19. Rhe1 b4 20. Ng4 Ncd7 21. Ne4 Ne8 22. f4 a5 23. c3 Nf8 24. Ne5 f6 25. Ng6 Nxg6 26. hxg6 Kh8 27. Ng5 fxg5 28. Qxe6 bxc3 29. Bxc3 Rxd1+ 30. Rxd1 Bb4 31. Be5 Qe7 32. Qd5 Ra6 33. a3 Rxg6 34. axb4 axb4 35. f5 Ra6 36. Kc2 Qf8 37. g4 h5 38. Qb5 Ra8 39. Qb7 Qc5+ 40. Kb3 Rc8 41. Qe4 Qe7 42. Qd4 Rc5 43. Re1 Qf7+ 44. Kxb4 Rc8 45. Ka3 Ra8+ 46. Kb4 Qa2 47. Qc5 Nf6 48. Kc3 Nxg4 49. Bd4 Nf6 50. Bxf6 gxf6 51. Qc6 Qa5+ 52. b4 Qd8 53. Rd1 Qf8 54. Qe6 h4 55. Rd3 Re8 56. Qb6 Rb8 57. Qd4 Qc8+ 58. Qc5 g4 59. Rd4 Qa6 60. Rxg4 Rc8 61. Rxh4+ Kg7 62. Rc4 Qa3+ 63. Kd2 Rxc5 64. bxc5 Qb2+ 65. Ke3 Qe5+ 66. Kd2 Qxf5 67. Kc3 Qc8 68. c6 Qc7 69. Rc5 Kf7 70. Kd3 Ke6 71. Rc3 f5 72. Ke3 f4+ 73. Ke2 Ke5 74. Rc2 Kd4 75. Kf3 Qh7 76. Rd2+ Ke5 77. Re2+ Kf5 78. Re1 Qh5+ 79. Kf2 Qh4+ 0-1

[Event "GER-ch 2012-G-V1 serv"]
[Site "GER email"]
[Date "2012.??.??"]
[Round "?"]
[White "Faerber, Hans Willi"]
[Black "Preusse, Goetz"]
[Result "0-1"]
[WhiteElo "1867"]
[BlackElo "1944"]
[PlyCount "140"]
[EventDate "2012.12.01"]
[EventType "tourn (corr)"]
[EventRounds "6"]
[EventCountry "GER"]
[SourceTitle "Corr 2015"]
[Source "ChessBase"]
[SourceDate "2015.07.17"]
[SourceVersion "1"]
[SourceVersionDate "2015.07.17"]
[SourceQuality "1"]

1. b3 e5 2. Nf3 Nc6 3. e4 Nf6 4. Nc3 Bc5 5. Bc4 0-0 6. 0-0 d6 7. h3 a6 8. a4 h6 9. Ba3 Bxa3 10. Rxa3 Nxe4 11. Nxe4 d5 12. d3 dxc4 13. bxc4 f5 14. Nc3 Be6 15. Re1 Qd6 16. Ra1 e4 17. dxe4 Qxd1 18. Raxd1 f4 19. c5 Rae8 20. Kh2 g5 21. Rb1 Bc8 22. Nd5 Rf7 23. e5 Kg7 24. c4 Kg6 25. Kg1 Kf5 26. Re2 Rd8 27. Kf1 Be6 28. Rd2 Rb8 29. Rdb2 Rd8 30. Rd2 Rb8 31. Rbd1 Re8 32. Rb2 Na5 33. Nf6 Bxc4+ 34. Kg1 Rh8 35. g3 Nc6 36. g4+ Ke6 37. Kh2 Re7 38. h4 Kf7 39. Re1 Be6 40. hxg5 hxg5+ 41. Kg2 Kg6 42. Rd2 a5 43. Rdd1 Rb8 44. Rd2 Rf8 45. Nd4 Bb3 46. Nxc6 bxc6 47. Rd7 Rxd7 48. Nxd7 Rd8 49. e6 Bxa4 50. e7 Re8 51. Nf8+ Kh6 52. Nd7 Kg7 53. Re5 Kf7 54. Rxg5 Bc2 55. Ne5+ Kxe7 56. Nxc6+ Kf6 57. Rh5 Bg6 58. Rh3 a4 59. Nd4 Ke5 60. Nf3+ Kd5 61. Ng5 Kxc5 62. Rc3+ Kb4 63. Rxc7 Re5 64. Nf7 Rd5 65. Rb7+ Rb5 66. Ra7 Ra5 67. Rb7+ Kc5 68. Rc7+ Kb6 69. Re7 Bxf7 70. Rxf7 a3 0-1

[Event "GER-ch61 V02 email"]
[Site "GER email"]
[Date "2011.??.??"]
[Round "?"]
[White "Faerber, Hans Willi"]
[Black "Gebhardt, Ulrich"]
[Result "0-1"]
[WhiteElo "1633"]
[BlackElo "1894"]
[PlyCount "80"]
[EventDate "2010.11.30"]
[EventType "tourn (corr)"]
[EventRounds "6"]
[EventCountry "GER"]
[SourceTitle "Corr 2015"]
[Source "ChessBase"]
[SourceDate "2015.07.17"]
[SourceVersion "1"]
[SourceVersionDate "2015.07.17"]
[SourceQuality "1"]

1. d4 Nf6 2. c4 e6 3. Nf3 b6 4. g3 Bb7 5. Bg2 Bb4+ 6. Bd2 Be7 7. Nc3 0-0 8. 0-0 d5 9. cxd5 Nxd5 10. Nxd5 Bxd5 11. Qc2 Nd7 12. e4 Bb7 13. Rad1 Rc8 14. Rfe1 h6 15. d5 exd5 16. exd5 Bf6 17. Bh3 Re8 18. Rxe8+ Qxe8 19. Bf4 Qd8 20. b4 c6 21. Qf5 Nf8 22. Qd3 Ra8 23. d6 c5 24. bxc5 Nd7 25. Re1 Nxc5 26. Qd1 Nd7 27. Nd4 Qc8 28. Bg4 Qc3 29. Nf5 Rd8 30. Qe2 Nc5 31. Rd1 Ne6 32. Ne7+ Kh8 33. Bf3 Nxf4 34. gxf4 Bxf3 35. Nd5 Bxe2 36. Nxc3 Bxc3 37. Rd5 Bb4 38. d7 Bc5 39. a4 Bf3 40. Rd3 Bc6 0-1

[Event "GER-ch57 V02 email"]
[Site "GER email"]
[Date "2011.??.??"]
[Round "?"]
[White "Faerber, Hans Willi"]
[Black "Gierth, Karlheinz"]
[Result "1/2-1/2"]
[WhiteElo "1633"]
[BlackElo "2187"]
[PlyCount "158"]
[EventDate "2010.??.??"]
[EventType "tourn (corr)"]
[EventRounds "6"]
[EventCountry "GER"]
[SourceTitle "Corr 2015"]
[Source "ChessBase"]
[SourceDate "2015.07.17"]
[SourceVersion "1"]
[SourceVersionDate "2015.07.17"]
[SourceQuality "1"]

1. c4 e6 2. d4 d5 3. Nc3 Nf6 4. Nf3 Nc6 5. a3 dxc4 6. e4 Na5 7. Bxc4 Nxc4 8. Qa4+ Nd7 9. Qxc4 Bd6 10. 0-0 0-0 11. Be3 Nb6 12. Qb3 Bd7 13. Rfd1 h6 14. h3 a5 15. a4 Qe7 16. d5 Ra6 17. e5 Bb4 18. d6 Qd8 19. dxc7 Qxc7 20. Nb5 Qb8 21. Bxb6 Bxb5 22. Bxa5 Bxa4 23. Rxa4 Bxa5 24. g3 b5 25. Raa1 Rc8 26. Kg2 Qb7 27. Ra4 Ra7 28. Rad4 g6 29. Qd3 Kg7 30. Ra1 Bb6 31. Rxa7 Bxa7 32. Rd7 Rc7 33. Rd8 b4 34. Qd2 Bc5 35. Qd1 Be7 36. Rd2 Qe4 37. Re2 Qc4 38. Rd2 Qb5 39. Qf1 Qb6 40. Qd1 Qc6 41. Qb3 Qb5 42. Rd1 Rc8 43. h4 Qb7 44. Qa4 Rc7 45. Rd2 Qc8 46. Nd4 Rc5 47. Nf3 Rc6 48. Qa7 Rc7 49. Qa4 Qb7 50. Rd4 Rc6 51. Rd2 Bc5 52. Rd8 Ba7 53. Qd1 Qb6 54. Rd4 b3 55. Qd2 Qb7 56. Rd7 Rc7 57. Rxc7 Qxc7 58. Qf4 Qd8 59. g4 Qb6 60. Kh3 Qb7 61. Qf6+ Kg8 62. Qd8+ Kh7 63. Kg3 Bc5 64. Qf6 Qd7 65. Qf4 Kg7 66. Qf6+ Kg8 67. h5 Be7 68. Qf4 g5 69. Qd4 Qc7 70. Ne1 Bc5 71. Qe4 Bb6 72. Nd3 Qc2 73. Kg2 Qb1 74. Qa8+ Kg7 75. Qe4 Qc2 76. Kf3 Ba5 77. Qd4 Qd1+ 78. Kg3 Qg1+ 79. Kf3 Qh1+ 1/2-1/2

[Event "GER-ch62 V01 email"]
[Site "GER email"]
[Date "2011.??.??"]
[Round "?"]
[White "Faerber, Hans Willi"]
[Black "Schulze, Guenter"]
[Result "1-0"]
[WhiteElo "1633"]
[BlackElo "1999"]
[PlyCount "127"]
[EventDate "2011.01.01"]
[EventType "tourn (corr)"]
[EventRounds "6"]
[EventCountry "GER"]
[SourceTitle "Corr 2015"]
[Source "ChessBase"]
[SourceDate "2015.07.17"]
[SourceVersion "1"]
[SourceVersionDate "2015.07.17"]
[SourceQuality "1"]

1. Nf3 d5 2. c4 d4 3. g3 f6 4. d3 e5 5. Bg2 Bb4+ 6. Nfd2 Ne7 7. 0-0 c6 8. Ne4 Nf5 9. Qc2 Be7 10. c5 Be6 11. Bd2 0-0 12. b4 Bd5 13. a4 b6 14. cxb6 axb6 15. Na3 Na6 16. Rfb1 Kh8 17. b5 cxb5 18. Rxb5 Bxa3 19. Rxa3 Ne7 20. a5 Rc8 21. Qb2 bxa5 22. Raxa5 Nc7 23. Rb6 Qd7 24. Rc5 Ba8 25. Rd6 Qa4 26. Rc4 Qd1+ 27. Bf1 Rb8 28. Rb6 Rxb6 29. Qxb6 Bxe4 30. dxe4 Qxd2 31. Rxc7 Ng8 32. Qb7 Qh6 33. Bg2 Rd8 34. h4 Qg6 35. Bh3 h5 36. Bf5 Qh6 37. Kg2 Re8 38. Qd5 Rf8 39. Ra7 Re8 40. Qf7 Rd8 41. Bg6 Rc8 42. Bxh5 Rb8 43. Bg6 Rd8 44. h5 Rb8 45. Qc7 Rf8 46. f3 d3 47. exd3 f5 48. Qxe5 fxe4 49. fxe4 Rf6 50. Qc7 Qd2+ 51. Kh3 Rxg6 52. hxg6 Qh6+ 53. Kg4 Qxg6+ 54. Kf3 Qh6 55. Qf4 Qh1+ 56. Ke2 Qh2+ 57. Qf2 Qh5+ 58. Kd2 Qe5 59. Ra8 Qb2+ 60. Ke3 Qb6+ 61. Kf3 Qh6 62. Kg2 Kh7 63. Qf5+ Kh8 64. Qh3 1-0

[Event "GER-ch64 V01 email"]
[Site "GER email"]
[Date "2011.??.??"]
[Round "?"]
[White "Faerber, Hans Willi"]
[Black "Wilshusen, Horst"]
[Result "1-0"]
[WhiteElo "1691"]
[BlackElo "1556"]
[PlyCount "57"]
[EventDate "2011.06.17"]
[EventType "tourn (corr)"]
[EventRounds "6"]
[EventCountry "GER"]
[SourceTitle "Corr 2015"]
[Source "ChessBase"]
[SourceDate "2015.07.17"]
[SourceVersion "1"]
[SourceVersionDate "2015.07.17"]
[SourceQuality "1"]

1. f4 d5 2. b3 Nf6 3. Bb2 g6 4. Nf3 Bg7 5. e3 Bg4 6. Nc3 0-0 7. Be2 Nbd7 8. h3 Bxf3 9. Bxf3 c6 10. d4 b5 11. 0-0 Qb6 12. Qd3 a5 13. Rab1 Rfd8 14. Rfd1 e6 15. g3 Rab8 16. Kg2 Bf8 17. g4 c5 18. dxc5 Nxc5 19. Qxb5 Qc7 20. Qe2 Bg7 21. Nb5 Qd7 22. c4 Nfe4 23. Bxg7 Kxg7 24. Qc2 Qe7 25. Nc3 Qh4 26. Bxe4 Nxe4 27. Nxe4 dxe4 28. Qxe4 a4 29. Qe5+ 1-0

[Event "GER-ch59 V01 email"]
[Site "GER email"]
[Date "2010.??.??"]
[Round "?"]
[White "Faerber, Hans Willi"]
[Black "Engelhardt, Georg"]
[Result "0-1"]
[WhiteElo "1671"]
[BlackElo "2103"]
[PlyCount "118"]
[EventDate "2010.08.30"]
[EventType "tourn (corr)"]
[EventRounds "6"]
[EventCountry "GER"]
[SourceTitle "Corr 2015"]
[Source "ChessBase"]
[SourceDate "2015.07.17"]
[SourceVersion "1"]
[SourceVersionDate "2015.07.17"]
[SourceQuality "1"]

1. f4 d5 2. b3 Bg4 3. Bb2 Nc6 4. Nf3 Bxf3 5. exf3 e6 6. Nc3 a6 7. g3 Nf6 8. d4 Bd6 9. Qd2 Qe7 10. 0-0-0 0-0-0 11. Kb1 Kb8 12. Na4 Rhe8 13. Qe3 Nd7 14. Bd3 h5 15. h4 Ba3 16. Bxa3 Qxa3 17. c3 b5 18. Nb2 Ne7 19. Rhe1 Rc8 20. Rc1 g6 21. Qe2 c5 22. dxc5 Rxc5 23. Qd2 Rec8 24. g4 R5c7 25. f5 gxf5 26. gxh5 Nc6 27. Be2 Rh8 28. f4 Nf6 29. Nd3 Ne4 30. Qb2 Qxb2+ 31. Kxb2 Ng3 32. Bf3 Nxh5 33. c4 dxc4 34. bxc4 Nd4 35. Bxh5 Rxh5 36. cxb5 axb5 37. Rxc7 Kxc7 38. Rh1 Nc6 39. Kc3 Ne7 40. Kd4 Kd6 41. Kc3 Nd5+ 42. Kb3 Ke7 43. a3 Kf6 44. Rh2 Rh8 45. h5 Kg7 46. Rh4 Kh6 47. Nb4 Rd8 48. Nxd5 Rxd5 49. Kb4 f6 50. Rh1 e5 51. Rh4 Rd3 52. Kxb5 Rxa3 53. Rh2 exf4 54. Kc5 f3 55. Kd4 Rb3 56. Kc4 Re3 57. Kd4 Re2 58. Rh1 f2 59. Rf1 f4 0-1

[Event "GER-ch60 V02 email"]
[Site "GER email"]
[Date "2010.??.??"]
[Round "?"]
[White "Faerber, Hans Willi"]
[Black "Klapp, Herwig"]
[Result "1/2-1/2"]
[WhiteElo "1822"]
[BlackElo "2300"]
[PlyCount "96"]
[EventDate "2011.??.??"]
[EventType "tourn (corr)"]
[EventRounds "6"]
[EventCountry "GER"]
[SourceTitle "Corr 2015"]
[Source "ChessBase"]
[SourceDate "2015.07.17"]
[SourceVersion "1"]
[SourceVersionDate "2015.07.17"]
[SourceQuality "1"]

1. b4 e5 2. b5 d5 3. Bb2 Bd6 4. e3 Nf6 5. c4 0-0 6. cxd5 Nxd5 7. Nc3 Nxc3 8. Bxc3 a6 9. a4 Nd7 10. bxa6 bxa6 11. Nf3 e4 12. Nd4 Qg5 13. h4 Qg6 14. h5 Qg5 15. h6 g6 16. Qc2 Nc5 17. g3 Rb8 18. Be2 Bb7 19. Rh2 Rfd8 20. Rb1 Qd5 21. Kf1 Nd3 22. f4 c5 23. Nb3 Bc6 24. Na5 Rf8 25. Rxb8 Rxb8 26. Nxc6 Qxc6 27. Ba1 Bc7 28. Qc3 f6 29. Bxd3 exd3 30. Qc4+ Kf8 31. Kf2 Rb4 32. Qxd3 Kf7 33. Rh1 c4 34. Rc1 Rxa4 35. Qc2 a5 36. d3 Bb6 37. dxc4 Bc5 38. Bd4 Ba3 39. Bb2 Bf8 40. c5 Ra2 41. Ra1 Rxa1 42. Bxa1 a4 43. Qa2+ Qe6 44. Qxa4 Bxc5 45. Bd4 Be7 46. Ke2 f5 47. Kf2 g5 48. Bg7 gxf4 1/2-1/2

[Event "GER-ch57 V02 email"]
[Site "GER email"]
[Date "2010.??.??"]
[Round "?"]
[White "Klapp, Herwig"]
[Black "Faerber, Hans Willi"]
[Result "1-0"]
[WhiteElo "2300"]
[BlackElo "1633"]
[PlyCount "137"]
[EventDate "2010.??.??"]
[EventType "tourn (corr)"]
[EventRounds "6"]
[EventCountry "GER"]
[SourceTitle "Corr 2015"]
[Source "ChessBase"]
[SourceDate "2015.07.17"]
[SourceVersion "1"]
[SourceVersionDate "2015.07.17"]
[SourceQuality "1"]

1. d4 d5 2. c4 e5 3. dxe5 d4 4. Nf3 Nc6 5. g3 Nge7 6. Bg2 Ng6 7. 0-0 Ngxe5 8. Nxe5 Nxe5 9. b3 g6 10. e3 d3 11. Bb2 Bg7 12. Qd2 0-0 13. f4 Ng4 14. Bxg7 Kxg7 15. h3 Nf6 16. Nc3 h5 17. Rad1 Bf5 18. Rfe1 Re8 19. Bxb7 Rb8 20. Bg2 Rb6 21. Nd5 Rbe6 22. Qc3 c6 23. Nxf6 Qxf6 24. Qxf6+ Kxf6 25. Kf2 c5 26. Rd2 a5 27. e4 Bxe4 28. Bxe4 Rxe4 29. Rxe4 Rxe4 30. Rxd3 Re6 31. g4 hxg4 32. hxg4 Rb6 33. Rd5 a4 34. bxa4 Rb4 35. Rxc5 Rxa4 36. Ke3 Ke6 37. Kd4 Rxa2 38. Rc6+ Ke7 39. g5 Rd2+ 40. Kc5 Rd8 41. Rf6 Rb8 42. Kc6 Rc8+ 43. Kb5 Rb8+ 44. Rb6 Rd8 45. c5 Rd2 46. Ka6 Rf2 47. Kb7 Rxf4 48. c6 Rc4 49. Kc8 f6 50. c7 fxg5 51. Rxg6 Rc5 52. Kb7 Kd7 53. Rg7+ Ke6 54. Kb6 Rc1 55. Rxg5 Rb1+ 56. Kc6 Rc1+ 57. Kb7 Rb1+ 58. Kc8 Kf6 59. Rc5 Ke7 60. Rc2 Rb3 61. Re2+ Kf6 62. Re4 Rc3 63. Kd7 Kf5 64. Rd4 Ke5 65. Rd6 Rc5 66. Rc6 Rd5+ 67. Ke7 Ra5 68. c8Q Ra7+ 69. Kf8 1-0

[Event "GER-ch51 V2 email"]
[Site "GER email"]
[Date "2009.??.??"]
[Round "?"]
[White "Faerber, Hans Willi"]
[Black "Komanns, Theodor"]
[Result "1-0"]
[WhiteElo "1633"]
[BlackElo "2097"]
[PlyCount "105"]
[EventDate "2009.??.??"]
[EventType "tourn (corr)"]
[EventRounds "6"]
[EventCountry "GER"]
[SourceTitle "Corr 2011"]
[Source "ChessBase"]
[SourceDate "2010.08.31"]
[SourceVersion "1"]
[SourceVersionDate "2010.08.31"]
[SourceQuality "1"]

1. b3 e5 2. Bb2 Nc6 3. e3 Nf6 4. c4 d5 5. cxd5 Nxd5 6. a3 Bd6 7. Qc2 0-0 8. d3 Bg4 9. Nf3 Bxf3 10. gxf3 Kh8 11. h4 f5 12. Nc3 Nxc3 13. Bxc3 f4 14. Rh3 Ne7 15. e4 Nc6 16. h5 Qe7 17. b4 Nd4 18. Bxd4 exd4 19. h6 g6 20. Qb2 b5 21. Rh1 a5 22. Ke2 Rfd8 23. Bh3 Ra6 24. Rhb1 Qe5 25. Rc1 Ra7 26. Bg4 Ra6 27. Bh3 Ra7 28. Bg4 Qf6 29. Qb3 Rda8 30. Qb2 Bf8 31. Bd7 Qe5 32. bxa5 c5 33. Bxb5 Rxa5 34. Bc6 Rb8 35. Qa2 Ra6 36. Bd5 Ra7 37. a4 Qd6 38. Rab1 Rd8 39. a5 Qa6 40. Ra1 Qd6 41. Rcb1 Bxh6 42. Rb6 Qxb6 43. axb6 Rxa2+ 44. Rxa2 Bg7 45. Ra7 Be5 46. Rf7 Rb8 47. b7 Rd8 48. Kf1 Re8 49. Kg2 h6 50. Kh3 Bb8 51. Rd7 Rf8 52. Re7 Bd6 53. Re6 1-0

[Event "GER-ch51 V2 email"]
[Site "GER email"]
[Date "2009.??.??"]
[Round "?"]
[White "Schowalter, Gerd"]
[Black "Faerber, Hans Willi"]
[Result "1-0"]
[WhiteElo "2052"]
[BlackElo "1633"]
[PlyCount "94"]
[EventDate "2009.??.??"]
[EventType "tourn (corr)"]
[EventRounds "6"]
[EventCountry "GER"]
[SourceTitle "Corr 2011"]
[Source "ChessBase"]
[SourceDate "2010.08.31"]
[SourceVersion "1"]
[SourceVersionDate "2010.08.31"]
[SourceQuality "1"]

1. e4 Nf6 2. Nc3 d5 3. exd5 Nxd5 4. Nf3 Nxc3 5. bxc3 g6 6. Bc4 Bg7 7. Ba3 0-0 8. Qe2 Bf6 9. h4 Bg4 10. Qe4 Qc8 11. h5 Bxh5 12. Rxh5 gxh5 13. Ne5 Kg7 14. Qf4 Qe8 15. Qf5 Nc6 16. Nd7 Rg8 17. Bd3 Rh8 18. Kf1 Rd8 19. Nxf6 exf6 20. Re1 Ne5 21. f4 Rd5 22. fxe5 Rxe5 23. Rxe5 Qxe5 24. c4 h4 25. Bb4 Qxf5+ 26. Bxf5 Rd8 27. d3 b5 28. Ba5 bxc4 29. Bxc7 Rd5 30. Be4 Rh5 31. Bf3 Rc5 32. Bd6 Rc8 33. d4 f5 34. Be7 f6 35. Bd5 c3 36. Bb3 Re8 37. Bb4 Re4 38. Bxc3 Rf4+ 39. Ke2 Rg4 40. Bd5 h3 41. gxh3 Rg3 42. Be1 Rxh3 43. c4 Rh2+ 44. Bf2 Kf8 45. Be6 Ke7 46. d5 f4 47. Kf3 h6 1-0

[Event "GER theme 25-B06-P email"]
[Site "GER email"]
[Date "2008.01.10"]
[Round "?"]
[White "Peters, Andreas"]
[Black "Faerber, Hans Willi"]
[Result "1-0"]
[WhiteElo "2017"]
[BlackElo "1607"]
[PlyCount "85"]
[EventDate "2007.??.??"]
[EventType "tourn (corr)"]
[EventRounds "8"]
[EventCountry "GER"]
[SourceTitle "Corr 2011"]
[Source "ChessBase"]
[SourceDate "2010.08.31"]
[SourceVersion "1"]
[SourceVersionDate "2010.08.31"]
[SourceQuality "1"]

1. e4 g6 2. d4 Bg7 3. c4 d6 4. Nc3 c6 5. Nf3 a6 6. Be2 b5 7. 0-0 Bg4 8. Be3 bxc4 9. Bxc4 e6 10. h3 Bxf3 11. Qxf3 Ne7 12. Rac1 Nd7 13. Bb3 0-0 14. Rfd1 d5 15. Bg5 Re8 16. Ba4 Rc8 17. Qe2 h6 18. Bh4 a5 19. f3 Nb6 20. e5 Qd7 21. Bc2 Nf5 22. Bf2 Qe7 23. Na4 Rb8 24. g4 Nh4 25. Nc5 g5 26. Bxh4 gxh4 27. Na6 Rbc8 28. f4 Qa7 29. Nc5 Rb8 30. f5 exf5 31. gxf5 Nc4 32. Qf2 Rxb2 33. Kh1 f6 34. Rg1 Kh8 35. Ne6 Rxe6 36. fxe6 Nxe5 37. Qf5 Rxc2 38. Rxc2 Nf7 39. exf7 Qxf7 40. Rxc6 a4 41. Qc8+ Qg8 42. Qd7 Bf8 43. Rc8 1-0

[Event "GER theme 25-B06-P email"]
[Site "GER email"]
[Date "2008.01.??"]
[Round "?"]
[White "Faerber, Hans Willi"]
[Black "Peters, Andreas"]
[Result "0-1"]
[WhiteElo "1607"]
[BlackElo "2017"]
[PlyCount "122"]
[EventDate "2007.??.??"]
[EventType "tourn (corr)"]
[EventRounds "8"]
[EventCountry "GER"]
[SourceTitle "Corr 2011"]
[Source "ChessBase"]
[SourceDate "2010.08.31"]
[SourceVersion "1"]
[SourceVersionDate "2010.08.31"]
[SourceQuality "1"]

1. e4 g6 2. d4 Bg7 3. c3 d6 4. Bd3 e5 5. Ne2 Nf6 6. 0-0 0-0 7. f4 Re8 8. fxe5 dxe5 9. Bg5 h6 10. Bxf6 Bxf6 11. Qa4 c6 12. Kh1 b5 13. Qc2 exd4 14. cxd4 Bxd4 15. a4 Bxb2 16. Qxb2 Qxd3 17. Nbc3 b4 18. Qxb4 Nd7 19. Rad1 Qe3 20. Rd6 Ne5 21. Qd4 Qg5 22. Nf4 a5 23. Qf2 Ba6 24. Rfd1 Rab8 25. Nh3 Qe7 26. Nf4 Bc4 27. h3 Rb3 28. Qe3 h5 29. R6d2 Reb8 30. Nce2 Bxe2 31. Rxe2 R8b4 32. Ree1 Kg7 33. Rb1 Ra3 34. Ra1 Rc4 35. Rac1 Qd6 36. Rf1 Qc5 37. Qxc5 Rxc5 38. Ne2 Rxc1 39. Rxc1 Rxa4 40. Kg1 Rxe4 41. Kf1 a4 42. Ra1 Rc4 43. Ke1 Nd3+ 44. Kd2 Nf4 45. Nc3 Nxg2 46. Nxa4 Rh4 47. Nb6 Rxh3 48. Nc4 h4 49. Ne5 Nf4 50. Nxc6 g5 51. Ne5 Rh2+ 52. Kc3 Re2 53. Kd4 h3 54. Ng4 f5 55. Ne3 Kf6 56. Nf1 g4 57. Ng3 Rg2 58. Ra6+ Ne6+ 59. Kd5 Rxg3 60. Rxe6+ Kg5 61. Re2 Rg2 0-1